Crítica y clínica / (Registro nro. 3190)

Detalles MARC
000 -CABECERA
campo de control de longitud fija 01604nam a2200325 b 4500
001 - NÚMERO DE CONTROL
campo de control bimo0000505803
003 - IDENTIFICADOR DEL NÚMERO DE CONTROL
campo de control AR-RoIUNI
005 - FECHA Y HORA DE LA ÚLTIMA TRANSACCIÓN
campo de control 20180802130906.0
007 - CAMPO FIJO DE DESCRIPCIÓN FÍSICA--INFORMACIÓN GENERAL
campo de control de longitud fija ta
008 - DATOS DE LONGITUD FIJA--INFORMACIÓN GENERAL
campo de control de longitud fija 960912s1996 sp | r ||| ||spa d
016 7# - NÚMERO DE CONTROL DE UNA AGENCIA BIBLIOGRÁFICA NACIONAL
Número de control del registro bimoBNE19960439208
Fuente SpMaBN
017 ## - NÚMERO DE COPYRIGHT O DE DEPÓSITO LEGAL
Número de copyright o de depósito legal B 1302-1996
Agencia que asigna Oficina Depósito Legal Barcelona
020 ## - NÚMERO INTERNACIONAL ESTÁNDAR DEL LIBRO
Número Internacional Estándar del Libro 8433905244
035 ## - NÚMERO DE CONTROL DEL SISTEMA
Número de control de sistema (OCoLC)34236498
040 ## - FUENTE DE LA CATALOGACIÓN
Centro catalogador/agencia de origen SpMaBN
Centro/agencia transcriptor AR-RoIUNI
041 1# - CÓDIGO DE LENGUA
Código de lengua del texto/banda sonora o título independiente spa
Código de lengua original fre
080 ## - NÚMERO DE LA CLASIFICACIÓN DECIMAL UNIVERSAL
Número de la Clasificación Decimal Universal 1:82
100 1# - ENTRADA PRINCIPAL--NOMBRE DE PERSONA
Nombre de persona Deleuze, Gilles,
Fechas asociadas al nombre 1925-1995.
9 (RLIN) 18
240 10 - TÍTULO UNIFORME
Título uniforme <a href="Critique et clinique">Critique et clinique</a>
Lenguaje de la obra Español
245 10 - MENCIÓN DE TÍTULO
Título Crítica y clínica /
Mención de responsabilidad, etc. Gilles Deleuze ; traducción de Thomas Kauf.
260 ## - PUBLICACIÓN, DISTRIBUCIÓN, ETC. (PIE DE IMPRENTA)
Lugar de publicación, distribución, etc. Barcelona :
Nombre del editor, distribuidor, etc. Anagrama,
Fecha de publicación, distribución, etc. 1996.
300 ## - DESCRIPCIÓN FÍSICA
Extensión 211 p. ;
Dimensiones 22 cm.
490 1# - MENCIÓN DE SERIE
Mención de serie Colección Argumentos ;
Designación de volumen o secuencia 174
505 0# - NOTA DE CONTENIDO CON FORMATO
Nota de contenido con formato 1. La literatura y la vida -- 2. Louis Wolfson o el procedimiento -- 3. Lewis Carroll -- 4. La mayor película irlandesa (<<Película>> de Beckett) -- 5. Sobre cuatro fórmulas poéticas que podrían resumir la filosofía kantiana -- 6. Nietzche y San Pablo, Lawrence y Juan de Patmos -- 7. Re-presentación de Masoch -- 8. Whitman -- 9. Lo que dicen los niños -- 10. Bartleby o la fórmula -- 11. Un precursor desconocido de Heidegger: Alfred Jarry -- 12. Misterio de Ariadna según Nietzsche -- 13. Balbució -- 14. La vergüenza y la gloria: T. E. Lawrence -- 15. Para acabar de una vez con el juicio -- 16. Platón, los griegos -- 17. Spinoza y las tres <<éticas>>.
650 #4 - PUNTO DE ACCESO ADICIONAL DE MATERIA--TÉRMINO DE MATERIA
Término de materia o nombre geográfico como elemento inicial PSICOLOGÍA
650 #4 - PUNTO DE ACCESO ADICIONAL DE MATERIA--TÉRMINO DE MATERIA
Término de materia o nombre geográfico como elemento inicial LITERATURA
650 #4 - PUNTO DE ACCESO ADICIONAL DE MATERIA--TÉRMINO DE MATERIA
Término de materia o nombre geográfico como elemento inicial FILOSOFÍA
830 #0 - PUNTO DE ACCESO ADICIONAL DE SERIE-TÍTULO UNIFORME
Título uniforme Colección Argumentos (Editorial Anagrama) ;
Designación de número de volumen o secuencia 174
942 ## - ELEMENTOS DE PUNTO DE ACCESO ADICIONAL (KOHA)
Fuente del sistema de clasificación o colocación Clasificación Decimal Universal
Tipo de ítem Koha Libros
Existencias
Estado de retiro Estado de pérdida Fuente del sistema de clasificación o colocación Estado dañado Excepción de préstamo Código de colección Localización permanente Ubicación/localización actual Ubicación en estantería Fecha de adquisición Número de inventario Total de préstamos Signatura topográfica completa Código de barras Fecha visto por última vez Fecha del último préstamo Número de copia Precio válido a partir de Tipo de ítem Koha Nota pública
    Clasificación Decimal Universal     Psicología BIBLIOTECA RIOBAMBA BIBLIOTECA RIOBAMBA BIBLIOTECA RIOBAMBA 01/08/2016 3285 1 1:82 DEL 3285 15/04/2026 12/12/2025 1 31/08/2016 Libros Donación Pablo Zöpke